000 00772pam a2200229 a 4500
001 614085
005 20180109042432.0
008 920129s1992 ne a b 000 0 eng
010 _a 92006978
020 _a0444890718
040 _aDLC
_cDLC
_dDLC
041 _aeng
080 _a519.7 PAR
082 0 0 _a519.7 PAR
_220
100 _a28
101 _aSHK
245 0 0 _aAdvances in optimization and parallel computing :
_cedited by Panos M. Pardalos.
504 _aIncludes bibliographical references.
906 _a7
_bcbc
_corignew
_d1
_eocip
_f19
_gy-gencatlg
942 _2ddc
_cBK
999 _c39871
_d39871